Versiones representables de teatro griego y latino / (Record no. 98071)

MARC details
000 -LEADER
campo de control de longitud fija 00891nam a2200229 i 4500
001 - NÚMERO DE CONTROL
campo de control 98071
003 - IDENTIFICADOR DE NÚMERO DE CONTROL
campo de control ES-MaACL
005 - FECHA Y HORA DE LA ÚLTIMA TRANSACCIÓN
campo de control 20250824075622.0
007 - CAMPO FIJO DE DESCRIPCIÓN FÍSICA--INFORMACIÓN GENERAL
campo de control de longitud fija t|
008 - DATOS DE LONGITUD FIJA--INFORMACIÓN GENERAL
campo de control de longitud fija 050721s1966 sp ||||1| spa d
100 1# - ENTRADA PRINCIPAL--NOMBRE DE PERSONA
Nombre de persona Marquerie, Alfredo,
Fechas asociadas al nombre 1907-1974
9 (RLIN) 76973
245 10 - MENCIÓN DEL TÍTULO
Título Versiones representables de teatro griego y latino /
Mención de responsabilidad, etc. Alfredo Marquerie.
260 ## - PUBLICACIÓN, DISTRIBUCIÓN, ETC.
Lugar de publicación, distribución, etc. Madrid :
Nombre del editor, distribuidor, etc. Aguilar,
Fecha de publicación, distribución, etc. 1966.
300 ## - DESCRIPCIÓN FÍSICA
Extensión 534 p., 8 lám. ;
Dimensiones 20 cm.
490 1# - MENCIÓN DE SERIE
Mención de serie Teatro de Siempre
505 8# - NOTA DE CONTENIDO CON FORMATO
Nota de contenido con formato Contiene: Esquilo, La Orestiada. Sófocles, Ayax. Eurípides, Medea e Ifigenia. Aristófanes, Las nubes. Menandro, El discólo. Plauto, Los gemelos. Terencio, Formion. Seneca, Tiestes
650 #7 - PUNTO DE ACCESO ADICIONAL DE MATERIA--TÉRMINO DE MATERIA
Término de materia o nombre geográfico como elemento de entrada Teatro griego
Fuente del encabezamiento o término embne
9 (RLIN) 136910
650 04 - PUNTO DE ACCESO ADICIONAL DE MATERIA--TÉRMINO DE MATERIA
Término de materia o nombre geográfico como elemento de entrada Teatro latino-
Subdivisión general Historia y crítica.
9 (RLIN) 17375
830 00 - PUNTO DE ACCESO ADICIONAL DE SERIE-TÍTULO UNIFORME
Título uniforme Teatro de siempre
9 (RLIN) 232314
852 ## - LOCALIZACIÓN
Ubicación ES-MaACL
Número de control de estantería C-56392
Sublocalización o colección R.89104
Holdings
Estatus retirado Estado de pérdida Estado de daño No para préstamo Biblioteca de origen Biblioteca actual Ubicación en estantería Fecha de adquisición Fuente de adquisición Total de préstamos Signatura topográfica completa Código de barras Visto por última vez Precio de reemplazo Tipo de ítem Koha
        Biblioteca del Ateneo de Madrid Biblioteca del Ateneo de Madrid Depósito 2 17/01/2008     C-56392 1102376 23/02/2023 23/02/2023 Libro impreso